000 006110000a22001810004500
003 MACL
005 20160320171111.0
008 160320b xxu||||| |||| 00| 0 eng d
040 _aMACL
_cMACL
041 _aHindi
082 _a070
100 _aडॉ कृष्‍ण कुमार रत्‍तू
_947955
245 _aसंचार क्रांति और बदलता सामाजिक सौंदर्य बोध
260 _bपोइन्‍टर पब्लिशर्स
_c1998
_aजयपुर
350 _a400
650 _aMedia
_947956
942 _cHIN
_k070
_2ddc
999 _c9302
_d9302